000 00251nam a22000857a 4500
999 _c2092
_d2092
003 OSt
005 20170830154526.0
008 160708b xxu||||| |||| 00| 0 eng d
022 _a8185325752
040 _cBOOK
100 _92417
_a Offredi, M
245 _aLiterature, Language and the Media in India
260 _aNew Delhi
_b Ajay Kumar Jain
_c1992
942 _2ddc
_cBK